000 00328pab a2200145 454500
008 180718b1999 xxu||||| |||| 00| 0 eng d
100 _aBanerjee, Shubhanker
245 _aLiteracy - the good news
260 _c1999
300 _ap.15-16
362 _aJul
650 _aLiteracy
773 _aSocial Welfare
909 _a41567
999 _c41567
_d41567